Bedoes & Lanek - Rewolucja Romantyczna - Statystyki

Ogólne statystyki
  • Ten quiz został rozwiązany 364 razy
  • Średni wynik to 13 z 20
Statystyki odpowiedzi
Numer Gość Utwór % Poprawnych
2 Blu Rewolucja Romantyczna
92%
19 Doda
82%
6 Szpaku Nawiedzony Dom /
77%
1 Intro
76%
13 Mbappe /
70%
4 Chrome Hearts /
69%
16 City Boy
67%
3 TOA$T /
66%
14 NIEWIEŚCIN BYDGOSZCZ /
64%
10 Tajemnice Atlantydy /
62%
18 Frenezja Romantyczna
60%
12 Eis i Kuqe 2115 Moi Ludzie /
60%
5 Tatuaże i Striptiz /
60%
7 Flexxy 2115 Gretzkii /
59%
9 NBP /
58%
15 Marseille
53%
8 Białas Wędrowiec Nad Morzem Mgły /
52%
17 Vivienne Westwood
50%
Bonus Track DM
44%
11 Blu Bukiet Białych Róż (SQUADSHIT #13) /
42%
Nie znaleziono quizów pasujących do podanych kryteriów
Rozkład punktacji
Procent ludzi z każdym wynikiem
Percentyl według liczby udzielonych odpowiedzi
Twoja historia wyników
Nie rozwiązałeś tego quizu